Doña María la Brava (Record no. 125148)

MARC details
000 -LEADER
campo de control de longitud fija 00995nam a2200241 i 4500
001 - NÚMERO DE CONTROL
campo de control 125148
003 - IDENTIFICADOR DE NÚMERO DE CONTROL
campo de control ES-MaACL
005 - FECHA Y HORA DE LA ÚLTIMA TRANSACCIÓN
campo de control 20260112144122.0
007 - CAMPO FIJO DE DESCRIPCIÓN FÍSICA--INFORMACIÓN GENERAL
campo de control de longitud fija t|
008 - DATOS DE LONGITUD FIJA--INFORMACIÓN GENERAL
campo de control de longitud fija 070504s1928 sp ||||1| spa d
100 1# - ENTRADA PRINCIPAL--NOMBRE DE PERSONA
Nombre de persona Marquina, Eduardo,
Fechas asociadas al nombre 1879-1946
9 (RLIN) 77043
245 10 - MENCIÓN DEL TÍTULO
Título Doña María la Brava
Resto del título : cuatro actos, en verso. En la muerte de María Guerrero: epilogal. Poema de Eduardo Marquina. Cómo ganó María Guerrero, para España, el Corazón de América, por Valentín de Pedro /
Mención de responsabilidad, etc. Eduardo Marquina ; ilustraciones de Masberger.
260 ## - PUBLICACIÓN, DISTRIBUCIÓN, ETC.
Lugar de publicación, distribución, etc. Madrid :
Nombre del editor, distribuidor, etc. Ribadeneyra,
Fecha de publicación, distribución, etc. 1928.
300 ## - DESCRIPCIÓN FÍSICA
Extensión 94 p. :
Otras características físicas il. ;
Dimensiones 17 cm.
490 1# - MENCIÓN DE SERIE
Mención de serie La Farsa ;
Designación de volumen o secuencia 23
500 ## - NOTA GENERAL
Nota general Número homenaje a María Guerrero.
500 ## - NOTA GENERAL
Nota general Ocho fotografías de María Guerrero en Doña María la Brava.
700 1# - ENTRADA AGREGADA--NOMBRE PERSONAL
Nombre de persona Pedro, Valentín de.
9 (RLIN) 89917
700 1# - ENTRADA AGREGADA--NOMBRE PERSONAL
Nombre de persona Masberger,
Fechas asociadas al nombre 1902-1969
9 (RLIN) 169730
830 0# - PUNTO DE ACCESO ADICIONAL DE SERIE-TÍTULO UNIFORME
Título uniforme La Farsa ;
Designación de volumen o secuencia 23
9 (RLIN) 185863
852 ## - LOCALIZACIÓN
Ubicación ES-MaACL
Número de control de estantería 2220-F-4
Sublocalización o colección R.140687
Holdings
Estatus retirado Estado de pérdida Estado de daño No para préstamo Colección Biblioteca de origen Biblioteca actual Ubicación en estantería Fecha de adquisición Fuente de adquisición Total de préstamos Signatura topográfica completa Código de barras Visto por última vez Precio de reemplazo Tipo de ítem Koha
        Colección de folletos Biblioteca del Ateneo de Madrid Biblioteca del Ateneo de Madrid Depósito folletos 17/01/2008     2220-F-4 1130382 23/02/2023 23/02/2023 Folleto